[Event "DVM U20 2013"]
[Site "Osnabrück GER"]
[Date "2013.12.27"]
[Round "2"]
[White "Zimmermann, Ulrich"]
[Black "Miller, Eduard"]
[Result "1/2-1/2"]
[Termination "normal"]
[Board "1.1"]
[WhiteElo "2267"]
[BlackElo "2094"]
[WhiteTeam "SK Bebenhausen 1992"]
[BlackTeam "SC Forchheim"]
[WhiteFideId "24654523"]
[BlackFideId "24687022"]
[EventCountry "GER"]
[EventRounds "7"]
[EventType "team-swiss"]
[EventDate "2013.12.26"]

1. d4 Nf6 2. c4 b6 3. Nc3 Bb7 4. Qc2 g6 5. e4 d6 6. Be2 Nbd7 7. g4 h6 8. Be3
Bg7 9. h4 h5 10. gxh5 Nxh5 11. Nf3 e5 12. O-O-O exd4 13. Nxd4 Nc5 14. Bg4 Nf6
15. Bg5 Bh6 16. Kb1 Kf8 17. Bf3 Kg7 18. e5 Bxg5 19. hxg5 Nh5 20. exd6 Qxg5 21.
Rhg1 Qe5 22. Bxb7 Nxb7 23. Nc6 Qc5 24. Ne7 Nxd6 25. Rd5 Qxc4 26. Nxg6 fxg6 27.
Qxg6+ Kf8 28. Rxh5 Rxh5 29. Qxh5 Re8 30. Qg5 Re7 31. Qf6+ Ke8 32. Rd1 Qe6 33.
Qh8+ Kd7 34. Qa8 Qf5+ 35. Ka1 Qxf2 36. Qxa7 Re1 37. Qa4+ Kc8 38. a3 Rxd1+ 39.
Qxd1 Qc5 40. Qf3 Qg1+ 41. Ka2 Qg8+ 42. Kb1 Qg6+ 43. Ka2 Qf7+ 44. Qxf7 Nxf7 45.
b4 Kb7 46. Kb3 Kc6 47. Ne2 Nd6 48. Nc3 Nb5 49. Nxb5 Kxb5 50. a4+ Kc6 51. Kc4
b5+ 52. axb5+ Kb6 53. Kc3 Kxb5 54. Kb3 c5 55. bxc5 Kxc5 1/2-1/2

[Event "DVM U20 2013"]
[Site "Osnabrück GER"]
[Date "2013.12.27"]
[Round "2"]
[White "Killmann, Martin"]
[Black "Braun, Georg"]
[Result "1/2-1/2"]
[Termination "normal"]
[Board "1.2"]
[WhiteElo "1829"]
[BlackElo "2197"]
[WhiteTeam "SC Forchheim"]
[BlackTeam "SK Bebenhausen 1992"]
[WhiteFideId "24651559"]
[BlackFideId "24629383"]
[EventCountry "GER"]
[EventRounds "7"]
[EventType "team-swiss"]
[EventDate "2013.12.26"]

1. d4 Nf6 2. c4 c5 3. d5 b5 4. cxb5 a6 5. bxa6 g6 6. Nc3 Bxa6 7. e4 Bxf1 8.
Kxf1 d6 9. Nf3 Bg7 10. g3 Nbd7 11. h3 O-O 12. Kg2 Qa5 13. Re1 Rfb8 14. e5 dxe5
15. Nxe5 Nxe5 16. Rxe5 Ra7 17. Qe2 Qd8 18. Bf4 Rbb7 19. Rd1 Nh5 20. Re4 Nxf4+
21. Rxf4 Rb4 22. Rc4 Qa5 23. d6 Rxc4 24. dxe7 Rxe7 25. Qxe7 Qa8+ 26. Kg1 Bd4
27. Ne4 Rc2 28. Nf6+ Kg7 29. Ne8+ Kg8 30. Nf6+ 1/2-1/2

[Event "DVM U20 2013"]
[Site "Osnabrück GER"]
[Date "2013.12.27"]
[Round "2"]
[White "Gibicar, Danijel"]
[Black "Mann, Johannes"]
[Result "1-0"]
[Termination "normal"]
[Board "1.3"]
[WhiteElo "2145"]
[BlackElo "1910"]
[WhiteTeam "SK Bebenhausen 1992"]
[BlackTeam "SC Forchheim"]
[WhiteFideId "24660256"]
[BlackFideId "24691380"]
[EventCountry "GER"]
[EventRounds "7"]
[EventType "team-swiss"]
[EventDate "2013.12.26"]

1. d4 d5 2. c4 c6 3. cxd5 cxd5 4. Nc3 Nc6 5. Bf4 a6 6. e3 Nf6 7. Rc1 e6 8. Bd3
Be7 9. Nf3 O-O 10. h3 Nd7 11. a3 Nb6 12. e4 dxe4 13. Bxe4 Bd6 14. Ne5 Ne7 15.
O-O f6 16. Nd3 Ned5 17. Bxd6 Qxd6 18. Re1 Bd7 19. Nc5 Bc6 20. Nxe6 Rfe8 21. Nc5
Nxc3 22. bxc3 Bxe4 23. Rxe4 Rxe4 24. Qb3+ Kh8 25. Nxe4 Qc6 26. Nc5 Rd8 27. Rb1
Rd6 28. Qf7 h6 29. Nxb7 Rd7 30. Qe8+ Kh7 31. Rxb6 Qxb6 32. Qxd7 Qb1+ 33. Kh2
Qe4 34. Qc7 f5 35. Nc5 Qe1 36. Qf4 Qxc3 37. Qxf5+ Kh8 38. Qf8+ Kh7 39. Ne6 1-0

[Event "DVM U20 2013"]
[Site "Osnabrück GER"]
[Date "2013.12.27"]
[Round "2"]
[White "Stephan, Michael"]
[Black "Kaulich, Philipp Theodor"]
[Result "1-0"]
[Termination "normal"]
[Board "1.4"]
[WhiteElo "1863"]
[BlackElo "2101"]
[WhiteTeam "SC Forchheim"]
[BlackTeam "SK Bebenhausen 1992"]
[WhiteFideId "24656852"]
[BlackFideId "4641582"]
[EventCountry "GER"]
[EventRounds "7"]
[EventType "team-swiss"]
[EventDate "2013.12.26"]

1. e4 c5 2. Nf3 Nc6 3. d4 cxd4 4. Nxd4 g6 5. Nc3 Bg7 6. Be3 Nf6 7. Bc4 O-O 8.
Bb3 d6 9. f3 Bd7 10. Qd2 Ne5 11. O-O-O b5 12. Ndxb5 Qb8 13. a4 Rc8 14. Na3 Qb7
15. Kb1 Rab8 16. Qc1 Be6 17. Nd5 Nxd5 18. exd5 Bf5 19. Ka2 Qa6 20. Qd2 Bxc2 21.
Nxc2 Rxb3 22. Kxb3 Rb8+ 23. Nb4 Qc4+ 24. Ka3 a5 25. b3 axb4+ 26. Ka2 Qa6 27.
Bd4 Qa5 28. Bb2 Ra8 29. Kb1 Bf8 30. Rc1 Nd7 31. Qd4 f6 32. Rc4 Rb8 33. Rhc1 Nc5
34. Qe3 Ra8 35. Bd4 Na6 36. Qe6+ Kg7 37. Qe4 Rb8 38. Be3 Rb7 39. Rc8 Nc7 40.
Rd1 Na6 41. Ra8 Rc7 42. Bd4 Kf7 43. Qe6+ Kg7 44. Qe2 Kf7 45. Bb2 1-0

[Event "DVM U20 2013"]
[Site "Osnabrück GER"]
[Date "2013.12.27"]
[Round "2"]
[White "Lebeda, Timo"]
[Black "Wagner, Robert"]
[Result "1-0"]
[Termination "normal"]
[Board "1.5"]
[WhiteElo "2095"]
[BlackElo "1848"]
[WhiteTeam "SK Bebenhausen 1992"]
[BlackTeam "SC Forchheim"]
[WhiteFideId "4638565"]
[BlackFideId "24656879"]
[EventCountry "GER"]
[EventRounds "7"]
[EventType "team-swiss"]
[EventDate "2013.12.26"]

1. c4 Nf6 2. Nf3 e6 3. g3 d5 4. d4 c6 5. Bg2 Bd6 6. Qc2 Nbd7 7. O-O e5 8. dxe5
Nxe5 9. Nbd2 O-O 10. Rd1 Be6 11. b3 dxc4 12. Nxc4 Nxc4 13. bxc4 Qe7 14. Bb2
Rfd8 15. Ng5 h6 16. Bxf6 Qxf6 17. Qh7+ Kf8 18. Ne4 Qe5 19. Nxd6 Ke7 20. Qe4
Qxe4 21. Nxe4 Bxc4 22. Nc5 b6 23. Nd3 Bxd3 24. Rxd3 Rxd3 25. exd3 Kd6 26. f4
Rc8 27. Kf2 b5 28. d4 a5 29. a4 f5 30. axb5 cxb5 31. Rxa5 Rc2+ 32. Kg1 Rc1+ 33.
Bf1 b4 34. Rxf5 Rd1 35. Rb5 Rxd4 36. Kf2 Rd2+ 37. Be2 Rb2 38. Ke3 Kc6 39. Rb8
Kc7 40. Rg8 b3 41. Rxg7+ Kd8 42. h4 Kc8 43. Bd3 Ra2 44. Bf5+ Kb8 45. Be6 Ra6
46. Bd5 Ra5 47. Rb7+ Kc8 48. Be4 Ra3 49. Rb4 b2+ 50. Kf2 1-0

[Event "DVM U20 2013"]
[Site "Osnabrück GER"]
[Date "2013.12.27"]
[Round "2"]
[White "Wichmann, Adrian"]
[Black "Alber, Alexander"]
[Result "1/2-1/2"]
[Termination "normal"]
[Board "1.6"]
[WhiteElo "1786"]
[BlackElo "1919"]
[WhiteTeam "SC Forchheim"]
[BlackTeam "SK Bebenhausen 1992"]
[WhiteFideId "12904708"]
[BlackFideId "4640039"]
[EventCountry "GER"]
[EventRounds "7"]
[EventType "team-swiss"]
[EventDate "2013.12.26"]

1. e4 c5 2. d4 cxd4 3. c3 dxc3 4. Nxc3 Nc6 5. Bc4 d6 6. Nf3 e6 7. O-O Nf6 8.
Qe2 Be7 9. Rd1 e5 10. Bg5 Bg4 11. Bxf6 Bxf6 12. Nb5 Be7 13. Qd3 O-O 14. Nxd6
Bxf3 15. gxf3 Bxd6 16. Qxd6 Qg5+ 17. Kh1 Qf4 18. Qd3 Nd4 19. Kg2 Rac8 20. Bb3
Rc6 21. Qe3 Rg6+ 22. Kh1 Qh4 23. Rg1 Rh6 24. Rg2 Kh8 25. Rc1 Qh3 26. Rc3 Rg6
27. Rg1 Nxb3 28. Rxb3 Rd8 29. Rd3 Rgd6 30. Rxd6 Rxd6 31. Qe2 g6 32. Rd1 Rc6 33.
Kg1 Kg7 34. Rd3 Qh6 35. Rd1 Qg5+ 36. Kh1 Qf6 37. Rd3 h5 38. Rc3 Rd6 39. Rd3 Re6
40. Ra3 Rc6 41. Rc3 Re6 42. Ra3 a6 43. Rb3 Re7 44. Qe3 Qe6 45. Kg2 Rd7 46. a3
Rd1 47. Rc3 Qd6 48. Qc5 Qf6 49. Qe3 h4 50. h3 Rd4 51. Rd3 Rxd3 52. Qxd3 Qg5+
53. Kh2 Qf4+ 54. Kg2 Qc1 55. b4 Qc6 56. Qe3 b5 57. Qd3 Qf6 1/2-1/2

[Event "DVM U20 2013"]
[Site "Osnabrück GER"]
[Date "2013.12.27"]
[Round "2"]
[White "Grünter, Martin"]
[Black "Carow, Annelen"]
[Result "1-0"]
[Termination "normal"]
[Board "2.2"]
[WhiteElo "2232"]
[BlackElo "2044"]
[WhiteTeam "Hamburger SK"]
[BlackTeam "Sfr.Heidesheim"]
[WhiteFideId "24640352"]
[BlackFideId "24692492"]
[EventCountry "GER"]
[EventRounds "7"]
[EventType "team-swiss"]
[EventDate "2013.12.26"]

1. e4 c5 2. c3 Nf6 3. e5 Nd5 4. d4 cxd4 5. Nf3 e6 6. cxd4 d6 7. Bc4 Nb6 8. Bd3
dxe5 9. dxe5 Na6 10. Bg5 Be7 11. Bxe7 Qxe7 12. Nc3 O-O 13. O-O Bd7 14. Rc1 Nb4
15. Bb1 Rad8 16. Qe2 Bc6 17. a3 N4d5 18. Qc2 g6 19. Ne4 Bb5 20. Rfe1 Kg7 21.
Nd6 Ba4 22. Qc5 Rd7 23. Ba2 Rc7 24. Qd4 Bc6 25. Qd2 Nc8 26. Ne4 Rd8 27. Nd4 Be8
28. Rxc7 Qxc7 29. Bxd5 Qxe5 30. Bxe6 Rxd4 31. Qc3 fxe6 32. Nc5 Qf6 33. Qxd4
Qxd4 34. Nxe6+ Kf6 35. Nxd4 1-0

[Event "DVM U20 2013"]
[Site "Osnabrück GER"]
[Date "2013.12.27"]
[Round "2"]
[White "Faldum, Manfred"]
[Black "Kramer, Julian"]
[Result "0-1"]
[Termination "normal"]
[Board "2.3"]
[WhiteElo "1910"]
[BlackElo "2121"]
[WhiteTeam "Sfr.Heidesheim"]
[BlackTeam "Hamburger SK"]
[WhiteFideId "12921459"]
[BlackFideId "12921742"]
[EventCountry "GER"]
[EventRounds "7"]
[EventType "team-swiss"]
[EventDate "2013.12.26"]

1. Nf3 d5 2. g3 Bg4 3. Bg2 Nd7 4. O-O Ngf6 5. d3 e5 6. c4 c6 7. Nbd2 d4 8. Rb1
a5 9. b3 Bd6 10. h3 Be6 11. Ng5 Bf5 12. Nge4 Nxe4 13. Nxe4 Bxe4 14. Bxe4 O-O
15. Qc2 Qe7 16. Qb2 Nc5 17. Bg2 f5 18. a3 Kh8 19. Bd2 f4 20. b4 axb4 21. axb4
Ne6 22. Ra1 Rxa1 23. Rxa1 e4 24. dxe4 fxg3 25. f3 Bf4 26. Bxf4 Nxf4 27. Rd1 Qg5
28. Rxd4 Nxh3+ 29. Kh1 Qe3 30. Qa1 Nf2+ 31. Kg1 Ng4+ 0-1

[Event "DVM U20 2013"]
[Site "Osnabrück GER"]
[Date "2013.12.27"]
[Round "2"]
[White "Riederer, Martin"]
[Black "Beck, Michael"]
[Result "1-0"]
[Termination "normal"]
[Board "2.4"]
[WhiteElo "2034"]
[BlackElo "1958"]
[WhiteTeam "Hamburger SK"]
[BlackTeam "Sfr.Heidesheim"]
[WhiteFideId "12903140"]
[BlackFideId "1271924"]
[EventCountry "GER"]
[EventRounds "7"]
[EventType "team-swiss"]
[EventDate "2013.12.26"]

1. d4 Nf6 2. c4 g6 3. Nc3 Bg7 4. e4 d6 5. Nf3 O-O 6. Be2 e5 7. dxe5 dxe5 8.
Qxd8 Rxd8 9. Bg5 Re8 10. O-O-O Na6 11. Ne1 h6 12. Bd2 Nc5 13. f3 Ne6 14. Be3
Nd7 15. Nc2 c5 16. Nb5 Rd8 17. Nd6 Nd4 18. Nxd4 cxd4 19. Bd2 Bf8 20. Nxc8 Raxc8
21. Kb1 Nc5 22. Rc1 Ne6 23. Rhd1 Kg7 24. b4 b6 25. g3 Rc7 26. Bd3 Bd6 27. Kb2
Ra8 28. a3 a5 29. Ra1 Rca7 30. Rf1 h5 31. Bc2 Nc7 32. Bd3 Ne6 33. Rfb1 Rc7 34.
Kc2 b5 35. c5 axb4 36. axb4 Rxa1 37. Rxa1 Bxc5 38. bxc5 Nxc5 39. Bxb5 Nxe4+ 40.
Kd3 Nxd2 41. Kxd2 f5 42. Ra6 Re7 43. Rd6 Ra7 44. Be8 Ra2+ 45. Kd3 Rxh2 46. Bxg6
Rg2 47. Bxf5 Rxg3 48. Be4 Rg5 49. Rd7+ Kf6 50. Rh7 Ke6 51. Kc4 Rg1 52. Rh6+ Kf7
53. Rxh5 Kf6 54. Kd5 Ra1 55. Rf5+ 1-0

[Event "DVM U20 2013"]
[Site "Osnabrück GER"]
[Date "2013.12.27"]
[Round "2"]
[White "Luzius, Jannik"]
[Black "Hinrichs, Jan"]
[Result "0-1"]
[Termination "normal"]
[Board "2.5"]
[WhiteElo "1619"]
[BlackElo "2076"]
[WhiteTeam "Sfr.Heidesheim"]
[BlackTeam "Hamburger SK"]
[WhiteFideId "1271981"]
[BlackFideId "12907294"]
[EventCountry "GER"]
[EventRounds "7"]
[EventType "team-swiss"]
[EventDate "2013.12.26"]

1. Nf3 d5 2. g3 c5 3. Bg2 g6 4. O-O Bg7 5. d3 Nf6 6. Nbd2 O-O 7. Re1 Nc6 8. Rb1
e5 9. e4 b6 10. a3 Rb8 11. exd5 Nxd5 12. Nc4 Re8 13. Bg5 Qd7 14. Qc1 Bb7 15.
Bh6 Bh8 16. h4 b5 17. Ncd2 Nf6 18. Ne4 Nxe4 19. dxe4 Nd4 20. c3 Ne6 21. Ng5 Ng7
22. Qe3 Qe7 23. Rbd1 Rbd8 24. Rxd8 Rxd8 25. Qe2 a6 26. Rd1 Rd6 27. Rxd6 Qxd6
28. Qf3 Nf5 29. Nxf7 Kxf7 30. g4 Bxe4 31. Qxe4 Nxh6 32. Qb7+ Qe7 33. Bd5+ Kf8
34. Qc8+ Kg7 35. g5 Nf7 36. Bxf7 Qxf7 37. Qxc5 h5 38. Qxe5+ Kh7 39. Qd6 Qb3 40.
Qd2 Qe6 41. Qe3 Qg4+ 42. Qg3 Qxg3+ 43. fxg3 Kg7 44. Kf2 Kf7 45. Ke3 Ke6 46. g4
hxg4 47. Kf4 Kd5 48. Kg3 0-1

[Event "DVM U20 2013"]
[Site "Osnabrück GER"]
[Date "2013.12.27"]
[Round "2"]
[White "Hinrichs, Lars"]
[Black "Pfeifer, Yannick"]
[Result "1-0"]
[Termination "normal"]
[Board "2.6"]
[WhiteElo "2023"]
[BlackElo "1385"]
[WhiteTeam "Hamburger SK"]
[BlackTeam "Sfr.Heidesheim"]
[WhiteFideId "12921769"]
[BlackFideId "12953105"]
[EventCountry "GER"]
[EventRounds "7"]
[EventType "team-swiss"]
[EventDate "2013.12.26"]

1. e4 e6 2. d4 d5 3. Nc3 Bb4 4. e5 Bxc3+ 5. bxc3 Bd7 6. Qg4 g6 7. Nf3 Nc6 8.
Ba3 Nge7 9. Bd3 Na5 10. Ng5 Nc4 11. Bxc4 dxc4 12. Qf4 Nf5 13. g4 h6 14. Ne4 Ne7
15. Nf6+ Kf8 16. h4 Bc6 17. Rh2 Kg7 18. Bxe7 Qxe7 19. h5 g5 20. Qe3 b5 21. f4
gxf4 22. Qxf4 Qa3 23. Rh3 Qb2 24. Qc1 Qxc1+ 25. Rxc1 a5 26. Kd2 b4 27. Rg1 Ba4
28. g5 b3 29. cxb3 cxb3 30. axb3 Bxb3 31. Rhg3 Ra7 32. gxh6+ Kf8 33. Rg8+ Rxg8
34. Rxg8+ Ke7 35. Re8# 1-0

[Event "DVM U20 2013"]
[Site "Osnabrück GER"]
[Date "2013.12.27"]
[Round "2"]
[White "Pauly, Carlo"]
[Black "Wenninger, Philipp"]
[Result "1/2-1/2"]
[Termination "normal"]
[Board "3.2"]
[WhiteElo "2100"]
[BlackElo "2239"]
[WhiteTeam "SG Porz"]
[BlackTeam "SC Erlangen"]
[WhiteFideId "24673269"]
[BlackFideId "4648404"]
[EventCountry "GER"]
[EventRounds "7"]
[EventType "team-swiss"]
[EventDate "2013.12.26"]

1. d4 d5 2. c4 c6 3. Nf3 Nf6 4. Nc3 a6 5. e3 b5 6. b3 Bg4 7. Be2 e6 8. O-O Nbd7
9. h3 Bh5 10. Bb2 Bd6 11. Nd2 Bg6 12. Bf3 O-O 13. Re1 Qb8 14. cxd5 cxd5 15. e4
b4 16. Nxd5 Bh2+ 17. Kh1 exd5 18. e5 Bf4 19. exf6 Nxf6 20. Nf1 Rc8 21. Ne3 Qd6
22. Rc1 h6 23. Rc5 Be4 24. Qe2 Re8 25. Bc1 Re6 26. Bxe4 Rxe4 27. Qd3 Rae8 28.
Bd2 Qe6 29. Bxb4 Qf5 30. f3 Qg5 31. fxe4 Qg3 32. Kg1 Nxe4 33. Rc2 Ng5 34. Kf1
g6 35. Bd2 Nf3 36. gxf3 Qxf3+ 37. Kg1 Qg3+ 38. Kf1 Qxh3+ 39. Ke2 Qg4+ 40. Kf1
Qh3+ 41. Ke2 Qg4+ 42. Kf1 Qf3+ 43. Kg1 Re4 44. Qe2 Bxe3+ 45. Bxe3 Rg4+ 46. Qg2
g5 47. Qxg4 Qxg4+ 48. Rg2 Qf3 49. Ree2 Kg7 50. b4 f5 51. a4 Qe4 52. Bxg5 Qb1+
1/2-1/2

[Event "DVM U20 2013"]
[Site "Osnabrück GER"]
[Date "2013.12.27"]
[Round "2"]
[White "Zhao, Kevin"]
[Black "Finke, Kai"]
[Result "0-1"]
[Termination "normal"]
[Board "3.3"]
[WhiteElo "1867"]
[BlackElo "2100"]
[WhiteTeam "SC Erlangen"]
[BlackTeam "SG Porz"]
[WhiteFideId "1271884"]
[BlackFideId "1270611"]
[EventCountry "GER"]
[EventRounds "7"]
[EventType "team-swiss"]
[EventDate "2013.12.26"]

1. e4 c5 2. Nf3 d6 3. d4 cxd4 4. Nxd4 Nf6 5. Nc3 g6 6. Be3 Bg7 7. f3 Nc6 8. Qd2
Bd7 9. Bc4 Rc8 10. Bb3 O-O 11. O-O-O Ne5 12. h4 h5 13. Bh6 Bxh6 14. Qxh6 Rxc3
15. bxc3 Qa5 16. g4 Qxc3 17. Kb1 a5 18. gxh5 a4 19. hxg6 axb3 20. gxf7+ Kxf7
21. cxb3 Nxf3 22. Nf5 Bxf5 23. exf5 Rg8 24. Qf4 Rg2 25. Qc4+ Nd5 0-1

[Event "DVM U20 2013"]
[Site "Osnabrück GER"]
[Date "2013.12.27"]
[Round "2"]
[White "Eigemann, Frederik"]
[Black "Wegmann, Sven"]
[Result "1-0"]
[Termination "normal"]
[Board "3.4"]
[WhiteElo "2015"]
[BlackElo "1683"]
[WhiteTeam "SG Porz"]
[BlackTeam "SC Erlangen"]
[WhiteFideId "24692034"]
[BlackFideId "1270756"]
[EventCountry "GER"]
[EventRounds "7"]
[EventType "team-swiss"]
[EventDate "2013.12.26"]

1. d4 d5 2. c4 e6 3. Nc3 Nf6 4. cxd5 exd5 5. Bg5 Be6 6. e3 Be7 7. Qc2 Nbd7 8.
Bd3 O-O 9. f4 Ng4 10. Bxe7 Qxe7 11. Qe2 f5 12. Nf3 c5 13. O-O Rac8 14. h3 Ngf6
15. Ne5 Ne4 16. Bxe4 dxe4 17. d5 Bf7 18. Nxd7 Qxd7 19. Qc4 Rfd8 20. Rfd1 a6 21.
a4 b5 22. axb5 axb5 23. Qxb5 Qxb5 24. Nxb5 Rxd5 25. Rxd5 Bxd5 26. Nd6 Rb8 27.
Nxf5 Be6 28. Nd6 Rb6 29. Ra8+ 1-0

[Event "DVM U20 2013"]
[Site "Osnabrück GER"]
[Date "2013.12.27"]
[Round "2"]
[White "Karataev, Phillip"]
[Black "Eigemann, Julian"]
[Result "0-1"]
[Termination "normal"]
[Board "3.5"]
[WhiteElo "1652"]
[BlackElo "1916"]
[WhiteTeam "SC Erlangen"]
[BlackTeam "SG Porz"]
[WhiteFideId "12908975"]
[BlackFideId "24666599"]
[EventCountry "GER"]
[EventRounds "7"]
[EventType "team-swiss"]
[EventDate "2013.12.26"]

1. Nf3 Nf6 2. g3 g6 3. Bg2 Bg7 4. O-O O-O 5. c4 d6 6. Nc3 e5 7. d3 Nc6 8. Rb1
Ne8 9. b4 h6 10. Bd2 f5 11. b5 Ne7 12. a4 Be6 13. Ne1 c6 14. Qc1 Kh7 15. f4 d5
16. cxd5 Nxd5 17. bxc6 bxc6 18. fxe5 Bxe5 19. Bxh6 Nxc3 20. Rb7+ Rf7 21. Rxf7+
Bxf7 22. Kh1 Bd5 23. e4 fxe4 24. Rf8 Qe7 25. Qe3 Bg7 26. Bxg7 Kxg7 27. Rf4 Nf6
28. dxe4 Ncxe4 29. h4 Re8 30. Nd3 Nh5 31. Qd4+ Kh7 32. Bf3 Nxf4 33. Bxe4 0-1

[Event "DVM U20 2013"]
[Site "Osnabrück GER"]
[Date "2013.12.27"]
[Round "2"]
[White "Padva, Leo"]
[Black "Wegmann, Simon"]
[Result "1/2-1/2"]
[Termination "normal"]
[Board "3.6"]
[WhiteElo "1803"]
[BlackElo "1705"]
[WhiteTeam "SG Porz"]
[BlackTeam "SC Erlangen"]
[WhiteFideId "12964379"]
[BlackFideId "1270758"]
[EventCountry "GER"]
[EventRounds "7"]
[EventType "team-swiss"]
[EventDate "2013.12.26"]

1. Nf3 Nc6 2. c4 Nf6 3. g3 e5 4. d3 Be7 5. Bg2 d6 6. O-O O-O 7. Nc3 Bg4 8. Qc2
Qd7 9. Be3 Bh3 10. Rfd1 Bxg2 11. Kxg2 Rfe8 12. d4 exd4 13. Bxd4 Nxd4 14. Rxd4
Bf8 15. Re1 Rad8 16. e4 Qc8 17. Qd2 g6 18. Nd5 Nxd5 19. Rxd5 Bg7 20. b3 h6 21.
h4 Kh7 22. Qd3 Bf6 23. h5 Qg4 24. Nh2 Qc8 25. Qf3 Kg7 26. Ng4 Be5 27. Rxe5 dxe5
28. Qf6+ Kf8 29. Nxh6 Qe6 30. Qh8+ Ke7 31. Qg7 gxh5 32. Qg5+ Kd7 33. Qxh5 Qg6
34. Qxg6 fxg6 35. Nf7 Rb8 36. Rd1+ Ke6 37. Ng5+ Kf6 38. f4 exf4 39. gxf4 Rbd8
40. Rd5 c6 41. Rc5 Rd2+ 42. Kf3 Rxa2 43. e5+ Kg7 44. b4 Re7 45. b5 Ra5 46. Ne4
Ra3+ 47. Kg4 cxb5 48. cxb5 Rd3 49. Nd6 Rd7 50. Rc8 R3xd6 51. exd6 Rxd6 52. Rc7+
Kf6 53. Rxb7 Rb6 54. Rxa7 Rxb5 55. Ra6+ 1/2-1/2

[Event "DVM U20 2013"]
[Site "Osnabrück GER"]
[Date "2013.12.27"]
[Round "2"]
[White "Kieslich, Aaron"]
[Black "Bräuer, Franz"]
[Result "0-1"]
[Termination "normal"]
[Board "4.1"]
[WhiteElo "2021"]
[BlackElo "2295"]
[WhiteTeam "TuS Coswig 1920"]
[BlackTeam "Erfurter Schachklub"]
[WhiteFideId "1270391"]
[BlackFideId "24634468"]
[EventCountry "GER"]
[EventRounds "7"]
[EventType "team-swiss"]
[EventDate "2013.12.26"]

1. d4 Nf6 2. c4 e6 3. Nc3 Bb4 4. e3 b6 5. Nge2 Ba6 6. a3 Bxc3+ 7. Nxc3 d5 8.
cxd5 Bxf1 9. Kxf1 exd5 10. g3 O-O 11. Kg2 Nc6 12. Bd2 Na5 13. Na4 Nc4 14. b3
Nd6 15. Bb4 Re8 16. Bxd6 Qxd6 17. Qc2 c6 18. Rhc1 Re6 19. Nc3 h5 20. Ne2 Rc8
21. b4 g6 22. Ra2 Re7 23. Qb3 Rec7 24. Rac2 Nd7 25. Nf4 b5 26. Nd3 Nb6 27. Nc5
Kg7 28. Qd3 Re7 29. Re2 Rce8 30. Rce1 Nc4 31. Qc3 h4 32. Nd3 Qf6 33. Nb2 h3+
34. Kf1 Qf3 35. Rc2 Qg2+ 36. Ke2 Rxe3+ 0-1

[Event "DVM U20 2013"]
[Site "Osnabrück GER"]
[Date "2013.12.27"]
[Round "2"]
[White "Steinacker, Alex"]
[Black "Linnemann, Niklas"]
[Result "0-1"]
[Termination "normal"]
[Board "4.2"]
[WhiteElo "2095"]
[BlackElo "1972"]
[WhiteTeam "Erfurter Schachklub"]
[BlackTeam "TuS Coswig 1920"]
[WhiteFideId "24647195"]
[BlackFideId "24695645"]
[EventCountry "GER"]
[EventRounds "7"]
[EventType "team-swiss"]
[EventDate "2013.12.26"]

1. Nc3 c5 2. e4 Nc6 3. g3 g6 4. Bg2 Bg7 5. d3 d6 6. f4 e6 7. Nf3 Nge7 8. O-O
O-O 9. Be3 Nd4 10. Rb1 Rb8 11. Ne2 Nxf3+ 12. Bxf3 b5 13. c3 Bb7 14. g4 f5 15.
Ng3 Qc7 16. Qd2 Rbd8 17. Qf2 a5 18. Kh1 Kh8 19. Qg2 fxg4 20. Bxg4 Nf5 21. Bd2
Nxg3+ 22. hxg3 d5 23. Bxe6 dxe4 24. dxe4 Qd6 25. Bd5 Bxd5 26. exd5 Qxd5 27. Be3
Rfe8 28. Qxd5 Rxd5 29. Rfe1 Bf6 30. Kg2 Kg7 31. Kf3 Rd3 32. Re2 Bd4 33. cxd4
cxd4 34. Rbe1 Kf6 35. Kf2 dxe3+ 36. Rxe3 Rexe3 37. Rxe3 Rd2+ 38. Re2 Rxe2+ 39.
Kxe2 Kf5 40. Kf3 h5 41. Ke3 Kg4 0-1

[Event "DVM U20 2013"]
[Site "Osnabrück GER"]
[Date "2013.12.27"]
[Round "2"]
[White "Müller, Richard"]
[Black "Friedt, Marius"]
[Result "0-1"]
[Termination "normal"]
[Board "4.3"]
[WhiteElo "2122"]
[BlackElo "1920"]
[WhiteTeam "TuS Coswig 1920"]
[BlackTeam "Erfurter Schachklub"]
[WhiteFideId "24647128"]
[BlackFideId "4642830"]
[EventCountry "GER"]
[EventRounds "7"]
[EventType "team-swiss"]
[EventDate "2013.12.26"]

1. d4 Nf6 2. c4 e6 3. Nc3 Bb4 4. e3 b6 5. Nge2 Bb7 6. a3 Bxc3+ 7. Nxc3 O-O 8.
f3 d6 9. d5 c6 10. dxc6 Nxc6 11. Be2 d5 12. cxd5 exd5 13. Nb5 Re8 14. Nd4 Nh5
15. O-O Nf4 16. Bb5 Nxd4 17. exd4 Qf6 18. Bxf4 Qxf4 19. Bxe8 Rxe8 20. Qa4 Qe3+
21. Kh1 a5 22. b4 Ba6 23. b5 Bc8 24. Qd1 Qf4 25. Re1 Be6 26. Rc1 g5 27. Qd3 Kh8
28. Qe3 Qh4 29. Qe5+ Kg8 30. Qf6 Qh5 31. Rc7 Qh4 32. Rxe6 Qe1+ 0-1

[Event "DVM U20 2013"]
[Site "Osnabrück GER"]
[Date "2013.12.27"]
[Round "2"]
[White "Hoffmann, Sascha"]
[Black "Pönisch, Johannes"]
[Result "0-1"]
[Termination "normal"]
[Board "4.4"]
[WhiteElo "1697"]
[BlackElo "1987"]
[WhiteTeam "Erfurter Schachklub"]
[BlackTeam "TuS Coswig 1920"]
[WhiteFideId "24668931"]
[BlackFideId "24603201"]
[EventCountry "GER"]
[EventRounds "7"]
[EventType "team-swiss"]
[EventDate "2013.12.26"]

1. e4 c5 2. Nc3 e6 3. g3 d6 4. Bg2 Nf6 5. d3 Be7 6. f4 Nc6 7. Nf3 O-O 8. O-O d5
9. Bd2 a6 10. Qc1 b5 11. a3 Bb7 12. h3 b4 13. axb4 cxb4 14. Ne2 dxe4 15. dxe4
Nxe4 16. Be3 Nf6 17. Rd1 Qc7 18. Ne5 Nxe5 19. fxe5 Nd5 20. Bd4 Rfd8 21. c3 bxc3
22. bxc3 Bc5 23. Rb1 Rab8 24. c4 Nb6 25. Bxc5 Qxc5+ 26. Kh2 Bxg2 27. Kxg2 h6
28. Qf4 Rxd1 29. Rxd1 Qxc4 30. Qf3 Nd5 31. Rd2 Rb3 32. Qf2 Qe4+ 33. Kh2 Qxe5
34. Nd4 Rb1 35. Nf3 Qe3 36. Qg2 Rb3 37. Nd4 Rd3 38. Rxd3 Qxd3 39. Qb2 a5 40.
Nb3 a4 41. Nc5 Qc4 42. Qa3 Qe2+ 43. Kg1 Ne3 0-1

[Event "DVM U20 2013"]
[Site "Osnabrück GER"]
[Date "2013.12.27"]
[Round "2"]
[White "von Koslowski, Utz"]
[Black "Reichardt, Albert"]
[Result "1-0"]
[Termination "normal"]
[Board "4.5"]
[WhiteElo "1764"]
[BlackElo "1629"]
[WhiteTeam "TuS Coswig 1920"]
[BlackTeam "Erfurter Schachklub"]
[WhiteFideId "12964247"]
[BlackFideId "12927821"]
[EventCountry "GER"]
[EventRounds "7"]
[EventType "team-swiss"]
[EventDate "2013.12.26"]

1. Nf3 c5 2. c4 Nf6 3. g3 g6 4. Bg2 Bg7 5. O-O O-O 6. Nc3 d6 7. d4 Na6 8. Re1
cxd4 9. Nxd4 Nc7 10. Qb3 Nd7 11. Be3 Nc5 12. Qc2 a6 13. Rad1 Rb8 14. Qd2 N5e6
15. Nc2 Qe8 16. Nb4 Bd7 17. Bh6 Bxh6 18. Qxh6 a5 19. Nbd5 Nxd5 20. cxd5 Nc5 21.
Rd4 f6 22. e4 Rf7 23. Qe3 b5 24. f4 b4 25. Ne2 Bb5 26. Rd2 Bxe2 27. Rdxe2 Qb5
28. Rd1 Rff8 29. h4 Kg7 30. Bh3 a4 31. Qf3 Qc4 32. f5 Rh8 33. g4 Rbf8 34. Qe3
Rb8 35. g5 Rhf8 36. Bg4 Rh8 37. Qf4 Rbd8 38. h5 Nd3 39. gxf6+ exf6 40. h6+ Kf7
41. fxg6+ hxg6 42. Rxd3 Qxd3 43. Rd2 Qc4 44. Rd1 Qc5+ 45. Kf1 Ke7 46. Rc1 Qb6
47. Rc6 Qb8 48. Qc1 Rde8 49. Rc7+ Kf8 50. h7 g5 51. Qc6 Rd8 52. Be6 1-0